000 01711nam a2200265Ia 4500
003 OSt
005 20220810154545.0
008 220726t2012||||xx |||||||||||||| ||spa||
020 _a9789929556256
040 _aODONTO
_bspa
_cODONTO
_dODONTO
041 _aspa
082 _a370.7 A357
100 1 _aAldana Mendoza, Carlos
_92143
245 0 _aEducar en un mundo sociovirtual :
_bpedagogía en el siglo XXI /
_cCarlos Aldana Mendoza. --
260 2 _aGuatemala :
_bUniversitaria,
_c2012.
300 _a210 p. :
_bil. ;
_c23 cm.
490 _a(Colección: Monografía)
504 _a Bibliografía: pp. 209-210. --
520 _aEste libro constituye una propuesta pedagógica para protagonizar visiones y acciones educativas que contribuyan a transformar el mundo, desde la constitución de un ser humano menos sabio cognitivamente hablando, pero más íntimo y tierno, más científica y políticamente comprometido. Se trata de que toda la maravilla que ha inventado el ser humano sea también una maravilla para inventar otro ser humano. Es allí donde entra el aporte de la educación, y de la pedagogía como su ciencia específica. Que no abandone el principio innegociable: la humanidad misma. Pero que aproveche lo nuevo, pues en aspectos materiales o tecnológicos no se trata de oponer lo nuevo a lo viejo, sino de combinarlos a favor de la dignidad y el desarrollo del ser humano, individual, social y planetariamente. Carlos Aldana Mendoza.
650 0 2 _aEducación
_2LEMB
_zGuatemala
_92144
650 0 2 _aInnovaciones educativas
_2LEMB
_92145
650 0 2 _aPedagogía
_2LEMB
_9969
650 0 2 _aSociología de la educación
_91212
942 _aBiblioteca de Odontología
_cBK
_n0
_k370.7 A357
_2ddc
999 _c685
_d685